Úrazové dávky

Aj napriek všetkým opatreniam zamestnávateľov môže u zamestnancov dôjsť k vzniku choroby z povolania alebo k pracovnému úrazu. Aké nároky si môže uplatniť postihnutý zamestnanec. Aké ďalšie úrazové dávky sa poskytujú z úrazového poistenia.

Uložené v:
Podrobná bibliografia
Hlavný autor: Mrukviová Tomiová, Sandra
Médium: Kapitola
Jazyk:Slovak
Predmet:
Tagy: Pridať tag
Žiadne tagy, Buďte prvý, kto otaguje tento záznam!

MARC

LEADER 00000naa a2200000 4500
001 0227436
005 20170222105917.0
041 0 |a slo 
044 |a SK 
245 1 0 |a Úrazové dávky  |c Sandra Mrukviová Tomiová 
520 |a Aj napriek všetkým opatreniam zamestnávateľov môže u zamestnancov dôjsť k vzniku choroby z povolania alebo k pracovnému úrazu. Aké nároky si môže uplatniť postihnutý zamestnanec. Aké ďalšie úrazové dávky sa poskytujú z úrazového poistenia. 
610 2 0 |a bezpečnosť práce 
610 2 0 |a úrazy pracovné 
610 2 0 |a poistenie úrazové 
610 2 0 |a dávky poistné 
610 2 0 |a rehabilitácia 
610 2 0 |a rehabilitácia pracovná 
610 2 0 |a rekvalifikácia 
100 1 |a Mrukviová Tomiová, Sandra